00490nam a2200205Ia 4500003000900000008004100009040001300050040001300063041000800076100001800084245009400102250001200196260001200208260000900220300001100229300000900240300001000249490001800259490000700277IT-RoPAU120407s9999 xx 000 0 und d aIT-RoPAU cIT-RoPAU aita aMartin Hengel aEbrei, Greci e Barbari. Aspetti dell’ellenizzazione del giudaismo in epoca precristiana aBrescia aPaideia c1981 a210 p. bill. c21 cm aStudi biblici v56